|
|
|
|
| LEADER |
01456nam a2200277 a 4500 |
| 001 |
11866927 |
| 008 |
101129s2001 njua 001 0 eng d |
| 010 |
|
|
|a 99089021
|
| 020 |
|
|
|a 0130856347
|
| 040 |
|
|
|a DLC
|c DLC
|d DLC
|d BD-DhAAL
|
| 082 |
0 |
0 |
|a 621.381
|2 21
|
| 100 |
1 |
|
|a Tocci, Ronald J.
|
| 245 |
1 |
0 |
|a Digital systems :
|b principles and applications /
|c Ronald J. Tocci, Neal S. Widmer.
|
| 250 |
|
|
|a 8th ed.
|
| 260 |
|
|
|a Upper Saddle River, N.J. :
|b Prentice Hall,
|c c2001.
|
| 300 |
|
|
|a xxvi, 881 p. :
|b ill. ;
|c 24 cm.
|
| 500 |
|
|
|a Includes index.
|
| 541 |
|
|
|e 00012139
|
| 650 |
|
0 |
|a Digital electronics.
|
| 700 |
1 |
|
|a Widmer, Neal S.
|
| 852 |
4 |
|
|a Ayesha Abed Library
|j General shelf
|
| 999 |
|
|
|c 10104
|d 10104
|
| 952 |
|
|
|0 0
|1 0
|2 ddc
|4 0
|6 621_381000000000000_TOC
|7 0
|9 13353
|a BRACUL
|b BRACUL
|c GEN
|d 2010-12-01
|l 4
|m 34
|o 621.381 TOC
|p 3010012139
|r 2025-09-21
|s 2025-06-26
|t 1
|w 2010-12-01
|y BK
|x Price not available in Register
|
| 952 |
|
|
|0 0
|1 0
|2 ddc
|4 0
|6 621_381000000000000_TOC
|7 0
|9 13354
|a BRACUL
|b BRACUL
|c GEN
|d 2010-12-01
|l 3
|m 41
|o 621.381 TOC
|p 3010010508
|r 2025-10-08
|s 2025-06-26
|t 2
|w 2010-12-01
|y BK
|
| 952 |
|
|
|0 0
|1 0
|2 ddc
|4 0
|6 621_381000000000000_TOC
|7 0
|9 13355
|a BRACUL
|b BRACUL
|c GEN
|d 2010-12-01
|l 6
|m 21
|o 621.381 TOC
|p 3010012258
|r 2025-09-20
|s 2025-06-26
|t 3
|w 2010-12-01
|y BK
|x Price not available in Register
|
| 952 |
|
|
|0 0
|1 0
|2 ddc
|4 0
|6 621_381000000000000_TOC
|7 0
|9 13356
|a BRACUL
|b BRACUL
|c GEN
|d 2010-12-01
|l 1
|m 15
|o 621.381 TOC
|p 3010010506
|r 2014-12-22
|s 2014-07-05
|t 4
|w 2010-12-01
|y BK
|